| Tag |
First Indicator |
Second Indicator |
Subfields |
| LEADER |
00000cam a2200000Ii 4500 |
| 001 |
in00003611321 |
| 005 |
20170928112808.0 |
| 008 |
150327s2015 it a 000 0 eng d |
| 020 |
|
|
|a 9251086923
|
| 020 |
|
|
|a 9789251086926
|
| 035 |
|
|
|a (OCoLC)ocn905736325
|
| 040 |
|
|
|a YDXCP
|b eng
|c YDXCP
|d BTCTA
|d CUY
|d OCLCF
|d OCLCQ
|d TXA
|d UtOrBLW
|
| 049 |
|
|
|a TXAM
|
| 050 |
|
4 |
|a HD9483.A2
|b W67 2015
|
| 245 |
0 |
0 |
|a World fertilizer trends and outlook to 2018.
|
| 264 |
|
1 |
|a Rome :
|b Food & Agriculture Organization of United Nations,
|c 2015.
|
| 300 |
|
|
|a x, 53 pages :
|b color illustrations ;
|c 25 cm
|
| 336 |
|
|
|a text
|b txt
|2 rdacontent
|
| 337 |
|
|
|a unmediated
|b n
|2 rdamedia
|
| 338 |
|
|
|a volume
|b nc
|2 rdacarrier
|
| 650 |
|
0 |
|a Fertilizer industry.
|0 http://id.loc.gov/authorities/subjects/sh85047914
|
| 650 |
|
0 |
|a Fertilizer industry
|x Forecasting.
|
| 650 |
|
7 |
|a Fertilizer industry.
|2 fast
|0 (OCoLC)fst00923219
|
| 650 |
|
7 |
|a Fertilizer industry
|x Forecasting.
|2 fast
|0 (OCoLC)fst00923234
|
| 710 |
2 |
|
|a Food and Agriculture Organization of the United Nations.
|0 http://id.loc.gov/authorities/names/n80004214
|
| 948 |
|
|
|a cataloged
|b h
|c 2016/3/29
|d c
|e ceaton
|f 2:14:43 pm
|
| 994 |
|
|
|a C0
|b TXA
|
| 999 |
f |
f |
|s 6615db87-8403-3da0-99bd-3f98f4ae12e1
|i d8545353-31a4-38fc-9df3-302dd66c80e6
|t 0
|
| 952 |
f |
f |
|p normal
|a Texas A&M University
|b College Station
|c Sterling C. Evans Library
|d Evans: Library Stacks
|t 0
|e HD9483.A2 W67 2015
|h Library of Congress classification
|i unmediated -- volume
|m A14843330797
|
| 998 |
f |
f |
|a HD9483.A2 W67 2015
|t 0
|l Evans: Library Stacks
|